Missing Word: Geek Speak Quiz Stats

 Plays Quiz Updated Mar 16, 2013

     
Support Sporcle.
Go Orange.
Score 0/20 Timer 02:00
2 Plays Today
Geeky Thing Word % Correct
____ & DragonsDungeons
94.8%
Live long and ____Prosper
90.6%
World of ____Warcraft
69.2%
Live ____ Role PlayingAction
64.1%
221B ____ StreetBaker
62.3%
____ KedavraAvada
52.7%
Magic: The ____Gathering
51.7%
Settlers of ____Catan
51.6%
Prancing ____Pony
38.4%
____ PennyworthAlfred
37.9%
Geeky Thing Word % Correct
The ____ is a lieCake
36.8%
Fullmetal ____Alchemist
35.5%
All your ____ are belong to usBase
34.7%
Dr. ____'s Sing-Along BlogHorrible
30.9%
Time And Relative ____ In SpaceDimension
30%
''Hello ____''World
28.8%
____ the EnchanterTim
20.4%
Seismic ____Toss
18.2%
Captain Mal ____Reynolds
16.3%
Kara '____' ThraceStarbuck
14.5%

Today's Daily Dose

From the Vault

30 Second Logic Puzzle

by eon

Some of us can complete a logic puzzle in 30 seconds, some of us can stare at the buttons for 30 seconds. Which side are you on?
Remove Ads.
Support Sporcle.
Get the best of Sporcle when you Go Orange. This ad-free experience offers more features, more stats, and more fun while also helping to support Sporcle. Thank you for becoming a member.

Show Comments

Extras

Top Quizzes Today


Score Distribution

Your Account Isn't Verified!

In order to create a playlist on Sporcle, you need to verify the email address you used during registration. Go to your Sporcle Settings to finish the process.

Report this User

Report this user for behavior that violates our Community Guidelines.

Details: